Evaluación de un biofiltro anaeróbico como tratamiento secundario de aguas residuales urbanas para una planta de tratamiento ubicada en Monteverde
Shranjeno v:
| Glavni avtor: | |
|---|---|
| Drugi avtorji: | |
| Format: | Knjiga |
| Jezik: | Spanish |
| Izdano: |
San José, Costa Rica
2021
|
| Teme: | |
| Online dostop: | https://cedi.ucr.ac.cr/biosistemas/evaluacion-de-un-biofiltro-anaerobico-como-tratamiento-secundario-de-aguasresiduales-urbanas-para-una-planta-de-tratamiento-ubicada-en-monteverde/ |
| Oznake: |
Označite
Brez oznak, prvi označite!
|
MARC
| LEADER | 00000nam a2200000Ia 4500 | ||
|---|---|---|---|
| 003 | 013310 | ||
| 005 | 20230516162347.0 | ||
| 008 | 140114s2021 cr a 000 ||spa d | ||
| 040 | |c cru CEDI | ||
| 100 | |a Jiménez Quesada, Junior Enrique, 1995- |9 369 | ||
| 245 | |a Evaluación de un biofiltro anaeróbico como tratamiento secundario de aguas residuales urbanas para una planta de tratamiento ubicada en Monteverde | ||
| 260 | |a San José, Costa Rica |c 2021 | ||
| 500 | |a Proyecto de graduación (licenciatura en ingeniería agrícola y de biosistemas)--Universidad de Costa Rica. Facultad de Ingeniería. Escuela de Ingeniería de Biosistemas, | ||
| 501 | |a Director de Proyecto de Graduación: Ing. Mauricio Bustamante Román, Ph.D. | ||
| 650 | |x FILTROS ANAEROBICOS - DISEÑO |x BIOMETANO - ELIMINACION |x AGUAS RESIDUALES - MONTEVERDE (PUNTARENAS, COSTA RICA) |x BIODEGRADACION DE AGUAS RESIDUALES |x PURIFICACION DE AGUAS RESIDUALES - INNOVACIONES TECNOLOGICAS | ||
| 700 | |9 169 |a Bustamante Román, Mauricio José, 1985- |d Director del TFG | ||
| 856 | |u https://cedi.ucr.ac.cr/biosistemas/evaluacion-de-un-biofiltro-anaerobico-como-tratamiento-secundario-de-aguasresiduales-urbanas-para-una-planta-de-tratamiento-ubicada-en-monteverde/ |y https://cedi.ucr.ac.cr/biosistemas/evaluacion-de-un-biofiltro-anaerobico-como-tratamiento-secundario-de-aguasresiduales-urbanas-para-una-planta-de-tratamiento-ubicada-en-monteverde/ | ||
| 942 | |c CEDI |h TFG 8461 |2 ddc |6 TFG_8461_000000000000000 | ||
| 999 | |c 12829 |d 12829 | ||
